[Event "LLO18/19"]
[Site "Mecklenburg-Vorpommern"]
[Date "2019.03.10"]
[Round "7.3"]
[White "Morejko, Wojciech"]
[Black "Stoevesand, Eric"]
[Result "1-0"]
[WhiteElo "1737"]
[BlackElo "1975"]
[PlyCount "51"]
[EventDate "2018.??.??"]
[EventType "team-tourn"]
[EventRounds "9"]
[EventCountry "GER"]
[WhiteTeam "Ribnitz-Damgarten"]
[BlackTeam "SG Neubrandenburg"]
[WhiteTeamCountry "GER"]
[BlackTeamCountry "GER"]

1. d4 d5 2. Bf4 Nf6 3. Nf3 e6 4. e3 Nbd7 5. Bd3 Be7 6. Nbd2 O-O 7. h3 c5 8. c3
b6 9. O-O Bb7 10. Ne5 Nxe5 11. dxe5 Nd7 12. Bh2 g6 13. Qe2 a6 14. f4 b5 15. g4
f6 16. exf6 Bxf6 17. Nf3 Qb6 18. Bg3 Rae8 19. Rae1 Bc6 20. Qh2 a5 21. g5 Bg7
22. h4 d4 23. h5 c4 24. hxg6 hxg6 25. Bxg6 Rf7 26. exd4 1-0

[Event "LLO18/19"]
[Site "Mecklenburg-Vorpommern"]
[Date "2019.03.10"]
[Round "7.4"]
[White "Rossmann, Andreas"]
[Black "Eckermann, Klaus"]
[Result "1/2-1/2"]
[WhiteElo "1920"]
[BlackElo "1743"]
[PlyCount "100"]
[EventDate "2018.??.??"]
[EventType "team-tourn"]
[EventRounds "9"]
[EventCountry "GER"]
[WhiteTeam "SG Neubrandenburg"]
[BlackTeam "Ribnitz-Damgarten"]
[WhiteTeamCountry "GER"]
[BlackTeamCountry "GER"]

1. Nf3 Nf6 2. g3 g6 3. Bg2 Bg7 4. O-O d5 5. d4 O-O 6. b3 c6 7. Bb2 Bf5 8. Nbd2
Ne4 9. Nh4 Nxd2 10. Qxd2 Qd7 11. Nxf5 Qxf5 12. Rad1 Na6 13. c4 Qd7 14. e3 Rfe8
15. f4 f5 16. Rde1 e6 17. Ba3 Bf8 18. Bxf8 Rxf8 19. Rf2 Qe7 20. Bf1 Nc7 21. b4
a6 22. c5 Rfc8 23. a4 Qd7 24. Bd3 Kg7 25. Rb1 Kh6 26. Qc3 Ne8 27. Rfb2 Nf6 28.
b5 axb5 29. axb5 Ng4 30. Qd2 Ra3 31. h3 Nf6 32. Qe2 Ra7 33. g4 Kg7 34. g5 Ne4
35. Bxe4 dxe4 36. Qc4 Qd5 37. Qb3 Qxb3 38. Rxb3 Kf7 39. bxc6 bxc6 40. Rb7+ Rc7
41. Rxc7+ Rxc7 42. Rb6 Kg7 43. Kf2 h6 44. h4 h5 45. Ke2 Kf7 46. Kd2 Ke7 47. Kc3
Kd7 48. Rb8 Rc8 49. Rb3 Kc7 50. Ra3 Rb8 1/2-1/2

[Event "LLO18/19"]
[Site "Mecklenburg-Vorpommern"]
[Date "2019.03.10"]
[Round "7.5"]
[White "Floegel, Thomas"]
[Black "Baier, Karsten"]
[Result "1/2-1/2"]
[WhiteElo "1695"]
[BlackElo "1875"]
[PlyCount "59"]
[EventDate "2018.??.??"]
[EventType "team-tourn"]
[EventRounds "9"]
[EventCountry "GER"]
[WhiteTeam "Ribnitz-Damgarten"]
[BlackTeam "SG Neubrandenburg"]
[WhiteTeamCountry "GER"]
[BlackTeamCountry "GER"]

1. d4 Nf6 2. c4 g6 3. Nc3 Bg7 4. e4 d6 5. Nf3 O-O 6. Be2 c5 7. O-O cxd4 8. Nxd4
Nc6 9. Nc2 Bd7 10. Bg5 Rc8 11. Rc1 Re8 12. f3 Ne5 13. b3 a6 14. Qd2 Bc6 15. Ne3
Ned7 16. Kh1 h6 17. Bh4 Kh7 18. Ncd5 Bxd5 19. cxd5 Nf8 20. Bd3 Qd7 21. Nc4 Qd8
22. Bf2 N6d7 23. Bh4 Ne5 24. Nxe5 dxe5 25. a4 Qd6 26. Bc4 g5 27. Bf2 Rc7 28.
Qe3 Nd7 29. h4 f6 30. Bd3 1/2-1/2

[Event "LLO18/19"]
[Site "Mecklenburg-Vorpommern"]
[Date "2019.03.10"]
[Round "7.6"]
[White "Lichte, Martin"]
[Black "Dittschlag, Lothar"]
[Result "1/2-1/2"]
[WhiteElo "1870"]
[BlackElo "1630"]
[PlyCount "122"]
[EventDate "2018.??.??"]
[EventType "team-tourn"]
[EventRounds "9"]
[EventCountry "GER"]
[WhiteTeam "SG Neubrandenburg"]
[BlackTeam "Ribnitz-Damgarten"]
[WhiteTeamCountry "GER"]
[BlackTeamCountry "GER"]

1. Nf3 d5 2. g3 Nf6 3. Bg2 e6 4. O-O c5 5. d4 Nc6 6. c4 cxd4 7. Nxd4 Qb6 8.
Nxc6 bxc6 9. cxd5 cxd5 10. Nc3 Bd7 11. b3 Rc8 12. Bb2 Be7 13. Qd3 O-O 14. Rfc1
Rfd8 15. e3 a5 16. Bf1 a4 17. Nxa4 Bxa4 18. Bd4 Qb4 19. bxa4 Qxa4 20. Rxc8 Rxc8
21. Qa6 Qxa6 22. Bxa6 Ra8 23. Bb7 Rb8 24. Rb1 Ne4 25. Ba7 Rf8 26. Rc1 Ba3 27.
Rc6 Nd6 28. Ba6 Ra8 29. Bd4 f6 30. Bd3 e5 31. Bc3 Rc8 32. Rxc8+ Nxc8 33. Bc2
Kf7 34. Bb3 Ne7 35. e4 Ke6 36. Kf1 Kd6 37. exd5 Nxd5 38. Bxd5 Kxd5 39. Ke2 Kc4
40. Kd2 e4 41. Ba5 Bc5 42. Ke2 f5 43. Bd2 Kb5 44. Be3 Bb4 45. Bd4 g5 46. h3 Kc4
47. Bb6 Ba3 48. Bd8 h6 49. Bf6 Kd5 50. h4 gxh4 51. Bxh4 Kc4 52. Bf6 Bc1 53. Be7
h5 54. Bd6 Bb2 55. a4 Bc3 56. Bc7 Bd4 57. a5 Kb5 58. f3 Kc6 59. Bb6 Be5 60.
fxe4 fxe4 61. Bf2 Kb5 1/2-1/2

[Event "LLO18/19"]
[Site "Mecklenburg-Vorpommern"]
[Date "2019.03.10"]
[Round "7.7"]
[White "Klugmann, Horst"]
[Black "Kunow, Frank"]
[Result "1/2-1/2"]
[WhiteElo "1631"]
[BlackElo "1891"]
[PlyCount "139"]
[EventDate "2018.??.??"]
[EventType "team-tourn"]
[EventRounds "9"]
[EventCountry "GER"]
[WhiteTeam "Ribnitz-Damgarten"]
[BlackTeam "SG Neubrandenburg"]
[WhiteTeamCountry "GER"]
[BlackTeamCountry "GER"]

1. d4 Nf6 2. c4 c5 3. d5 b5 4. cxb5 a6 5. Nc3 Qa5 6. Qa4 Qxa4 7. Nxa4 Nxd5 8.
e4 axb5 9. Bxb5 Ra5 10. exd5 Rxb5 11. Ne2 d6 12. O-O g6 13. Nac3 Rb6 14. Rd1
Bg7 15. b3 Ba6 16. Rb1 Nd7 17. Bb2 Rb7 18. Ng3 O-O 19. Na4 Nf6 20. f3 c4 21.
Bc3 Rfb8 22. b4 Rb5 23. Nb2 Rxd5 24. a4 Rxd1+ 25. Nxd1 Nd5 26. Bxg7 Kxg7 27. b5
c3 28. Rc1 Bb7 29. Nxc3 Rc8 30. Nge2 Nb4 31. Rb1 Nd3 32. a5 Ra8 33. a6 Bxa6 34.
bxa6 Rxa6 35. h3 e6 36. Rb7 d5 37. f4 h5 38. g3 Rc6 39. Rd7 Rc4 40. Rd8 h4 41.
Kh2 Nc1 42. Kg1 hxg3 43. Nxc1 Rxc3 44. Ne2 Re3 45. Nd4 Re4 46. Nc6 Rxf4 47. Kg2
Rc4 48. Ne5 Rc7 49. Kxg3 Kf6 50. Ng4+ Kf5 51. Ra8 Rc3+ 52. Kg2 Kg5 53. Ra4 f5
54. Ne5 Re3 55. Nf3+ Kf6 56. Kf2 Rc3 57. Ra6 Rc4 58. Rd6 f4 59. h4 Rc2+ 60. Kf1
Ra2 61. Ng5 Kf5 62. Rxe6 d4 63. Rd6 d3 64. Rxd3 Kg4 65. Nf3 Ra6 66. Kf2 Rb6 67.
Kg2 Rb2+ 68. Kf1 Kg3 69. Ne5+ Kxh4 70. Nxg6+ 1/2-1/2

[Event "LLO18/19"]
[Site "Mecklenburg-Vorpommern"]
[Date "2019.03.10"]
[Round "7.8"]
[White "Witkowski, Rainer"]
[Black "Wehrmann, Horst"]
[Result "0-1"]
[WhiteElo "1819"]
[BlackElo "1620"]
[PlyCount "64"]
[EventDate "2018.??.??"]
[EventType "team-tourn"]
[EventRounds "9"]
[EventCountry "GER"]
[WhiteTeam "SG Neubrandenburg"]
[BlackTeam "Ribnitz-Damgarten"]
[WhiteTeamCountry "GER"]
[BlackTeamCountry "GER"]

1. e4 d5 2. exd5 Qxd5 3. Qf3 Qxf3 4. Nxf3 Nc6 5. Bb5 Bd7 6. c3 Nf6 7. d4 e6 8.
Bg5 Be7 9. Nbd2 a6 10. Be2 h6 11. Bh4 O-O 12. a4 Nd5 13. Bg3 Bd6 14. Bxd6 cxd6
15. Nc4 Nf4 16. Nxd6 Nxg2+ 17. Kd2 Na5 18. Kc2 Nf4 19. Bd1 Rab8 20. Ne5 Be8 21.
Nxe8 Rfxe8 22. Bf3 f6 23. Nd7 Rbc8 24. Nc5 Nd5 25. Rhe1 Kf7 26. Rxe6 Red8 27.
Rae1 Nc6 28. Bxd5 Rxd5 29. R6e4 b6 30. Nxa6 Nxd4+ 31. Kb1 Nf3 32. R1e2 Nd2+ 0-1

[Event "LLO18/19"]
[Site "Mecklenburg-Vorpommern"]
[Date "2019.03.10"]
[Round "7.1"]
[White "Schamber, Dennis"]
[Black "Ertel, Wolfhard"]
[Result "1/2-1/2"]
[WhiteElo "1770"]
[BlackElo "1820"]
[PlyCount "149"]
[EventDate "2018.??.??"]
[EventType "team-tourn"]
[EventRounds "9"]
[EventCountry "GER"]
[WhiteTeam "Makkabi Rostock"]
[BlackTeam "Seehotel Binz"]
[WhiteTeamCountry "GER"]
[BlackTeamCountry "GER"]

1. d4 Nf6 2. c4 g6 3. Nc3 d5 4. Bg5 c6 5. e3 Bg7 6. Nf3 O-O 7. Rc1 Nbd7 8. b4
Re8 9. Qb3 h6 10. Bh4 g5 11. Bg3 e6 12. b5 Qa5 13. bxc6 bxc6 14. Bd3 Ba6 15.
O-O Nb6 16. Ne5 Rec8 17. cxd5 Bxd3 18. Nxd3 cxd5 19. Nb2 Nc4 20. Nxc4 Rxc4 21.
Qb5 Qb6 22. Qxb6 axb6 23. a4 Rac8 24. Ne2 Rc2 25. Rfe1 Bf8 26. Be5 Bb4 27. Rxc2
Rxc2 28. Rb1 Ng4 29. h3 Nxe5 30. dxe5 Bc5 31. Kf1 Ra2 32. Nc3 Ra3 33. Rc1 d4
34. exd4 Bxd4 35. Nb5 Rxa4 36. Nxd4 Rxd4 37. Rb1 Re4 38. Rxb6 Rxe5 39. f3 Kg7
40. Kf2 h5 41. h4 gxh4 42. Rb4 h3 43. gxh3 Rc5 44. Kg3 Rc3 45. Rf4 Kg6 46. Rb4
Rc5 47. h4 Rd5 48. Rc4 e5 49. Rc6+ f6 50. Rc8 Rd7 51. Rg8+ Rg7 52. Rh8 Rh7 53.
Rg8+ Kf5 54. Rc8 Rh6 55. Rc4 Ke6 56. Ra4 Rg6+ 57. Kf2 Kf5 58. Rb4 Rg7 59. Ra4
Rd7 60. Kg3 Ke6 61. Ra6+ Kf7 62. Ra8 Kg7 63. Rb8 Re7 64. Rb4 f5 65. Ra4 Kf6 66.
Ra6+ Re6 67. Ra8 Kg7 68. Ra7+ Kg6 69. Ra8 e4 70. fxe4 Rxe4 71. Ra6+ Kg7 72.
Ra7+ Kf6 73. Ra6+ Re6 74. Ra4 Re3+ 75. Kf4 1/2-1/2

[Event "LLO18/19"]
[Site "Mecklenburg-Vorpommern"]
[Date "2019.03.10"]
[Round "7.2"]
[White "Alder, Bodo"]
[Black "Markovych, Illya"]
[Result "0-1"]
[WhiteElo "1793"]
[BlackElo "1899"]
[PlyCount "110"]
[EventDate "2018.??.??"]
[EventType "team-tourn"]
[EventRounds "9"]
[EventCountry "GER"]
[WhiteTeam "Seehotel Binz"]
[BlackTeam "Makkabi Rostock"]
[WhiteTeamCountry "GER"]
[BlackTeamCountry "GER"]

1. Nf3 Nf6 2. b3 g6 3. Bb2 Bg7 4. e3 O-O 5. Be2 c5 6. O-O b6 7. d3 d5 8. Nbd2
Bb7 9. c4 e6 10. Qc2 Nc6 11. a3 Rc8 12. Rac1 Re8 13. Rfd1 e5 14. cxd5 Nxd5 15.
Qb1 Qe7 16. Ne4 f5 17. Nc3 Nf6 18. Re1 Kh8 19. h3 Rcd8 20. Qc2 h6 21. Nb1 g5
22. Nbd2 Qf7 23. Bf1 Qh5 24. Be2 Qg6 25. Bf1 Nd5 26. Rcd1 h5 27. h4 g4 28. Ng5
Bf6 29. e4 Bxg5 30. hxg5 Nf4 31. exf5 Qxg5 32. Ne4 Qxf5 33. g3 Ne6 34. Qd2 Re7
35. Bg2 Ncd4 36. Qh6+ Rh7 37. Qf6+ Qxf6 38. Nxf6 Bxg2 39. Kxg2 Rh6 40. Ne4 Kg7
41. Rh1 Rdh8 42. b4 Rc8 43. Nd6 Rf8 44. Rde1 Rhf6 45. Rhf1 Rd8 46. Nc4 Nf3 47.
Rxe5 Nxe5 48. Bxe5 Rxd3 49. bxc5 Nxc5 50. Rh1 Rdf3 51. Bxf6+ Kxf6 52. Rxh5 Ne4
53. Ne3 Rxf2+ 54. Kg1 Ra2 55. Nxg4+ Kg6 0-1

[Event "LLO18/19"]
[Site "Mecklenburg-Vorpommern"]
[Date "2019.03.10"]
[Round "7.3"]
[White "Reznik, Leonid"]
[Black "Fechner, Henrik"]
[Result "1-0"]
[WhiteElo "1879"]
[BlackElo "1767"]
[PlyCount "69"]
[EventDate "2018.??.??"]
[EventType "team-tourn"]
[EventRounds "9"]
[EventCountry "GER"]
[WhiteTeam "Makkabi Rostock"]
[BlackTeam "Seehotel Binz"]
[WhiteTeamCountry "GER"]
[BlackTeamCountry "GER"]

1. d4 Nf6 2. c4 e5 3. dxe5 Ng4 4. Nf3 Nc6 5. Nc3 Ngxe5 6. Nxe5 Nxe5 7. e3 Be7
8. Be2 O-O 9. O-O d6 10. b3 Bf6 11. Bb2 Nc6 12. Qd2 Bf5 13. Nd5 Bxb2 14. Qxb2
Ne5 15. f4 Nd7 16. Rad1 Re8 17. Rf3 Re6 18. Rg3 Rg6 19. Rxg6 hxg6 20. Bf3 Rb8
21. e4 Be6 22. Nc3 Qf6 23. Qd2 Nc5 24. Nb5 Na6 25. Nxa7 Bd7 26. e5 Qf5 27. exd6
Qc5+ 28. Qd4 cxd6 29. Qxc5 Nxc5 30. b4 Ra8 31. bxc5 Rxa7 32. cxd6 Rxa2 33. Bxb7
Rc2 34. Bd5 Kf8 35. Re1 1-0

[Event "LLO18/19"]
[Site "Mecklenburg-Vorpommern"]
[Date "2019.03.10"]
[Round "7.4"]
[White "Horch, Helmut"]
[Black "Petrow, Jonas"]
[Result "1-0"]
[WhiteElo "1760"]
[BlackElo "1611"]
[PlyCount "77"]
[EventDate "2018.??.??"]
[EventType "team-tourn"]
[EventRounds "9"]
[EventCountry "GER"]
[WhiteTeam "Seehotel Binz"]
[BlackTeam "Makkabi Rostock"]
[WhiteTeamCountry "GER"]
[BlackTeamCountry "GER"]

1. d4 Nf6 2. e3 g6 3. Nf3 Bg7 4. c4 O-O 5. Be2 d6 6. Nc3 c5 7. d5 a6 8. O-O
Nbd7 9. e4 Rb8 10. Qc2 Ne5 11. Nxe5 dxe5 12. Be3 Qc7 13. Rad1 Ne8 14. f4 Nd6
15. b3 Bd7 16. fxe5 Bxe5 17. Bh6 Rfc8 18. Qd3 b5 19. Qf3 Qa5 20. Rc1 bxc4 21.
Bxc4 Nxc4 22. Qxf7+ Kh8 23. Qxe7 Re8 24. Qxd7 Nb6 25. Qh3 Bd4+ 26. Kh1 Bxc3 27.
Rxc3 Rxe4 28. Qf3 Nd7 29. Re3 Rxe3 30. Qxe3 Kg8 31. Qe6+ Kh8 32. Qxd7 Rg8 33.
Qe6 Qc3 34. Qf6+ Qxf6 35. Rxf6 Re8 36. h3 Rg8 37. d6 Rd8 38. d7 Ra8 39. Rd6 1-0

[Event "LLO18/19"]
[Site "Mecklenburg-Vorpommern"]
[Date "2019.03.10"]
[Round "7.5"]
[White "Roeste, Stein"]
[Black "Oergel, Ullrich"]
[Result "1-0"]
[WhiteElo "1538"]
[BlackElo "1738"]
[PlyCount "109"]
[EventDate "2018.??.??"]
[EventType "team-tourn"]
[EventRounds "9"]
[EventCountry "GER"]
[WhiteTeam "Makkabi Rostock"]
[BlackTeam "Seehotel Binz"]
[WhiteTeamCountry "GER"]
[BlackTeamCountry "GER"]

1. d4 d5 2. c4 e6 3. Nc3 Nf6 4. Bg5 Be7 5. e3 c6 6. a3 O-O 7. Nf3 Nbd7 8. cxd5
Nxd5 9. Bxe7 Qxe7 10. Bd3 Nxc3 11. bxc3 e5 12. Qc2 g6 13. O-O exd4 14. cxd4 Nf6
15. h3 Nh5 16. a4 Ng7 17. Rab1 Re8 18. Rfe1 Qf6 19. Ne5 Re7 20. Qc5 Ne8 21. a5
Qd6 22. Qxd6 Nxd6 23. a6 f6 24. axb7 Bxb7 25. Nc4 Nb5 26. Na5 a6 27. Rec1 Rc8
28. Rc5 Rec7 29. Rbc1 f5 30. Nxb7 Rxb7 31. Rxc6 Rxc6 32. Rxc6 Ra7 33. g4 fxg4
34. hxg4 Kf8 35. Bxb5 axb5 36. Rb6 Ra1+ 37. Kg2 Rb1 38. Kf3 b4 39. Ke4 b3 40.
Ke5 Rf1 41. f4 h5 42. g5 h4 43. Kf6 Ke8 44. Rxb3 h3 45. Rb8+ Kd7 46. Rh8 Rf3
47. Kxg6 Rxe3 48. f5 Rc3 49. f6 Ra3 50. Kg7 Ke6 51. d5+ Kf5 52. f7 Ra7 53. Rxh3
Kxg5 54. Rf3 Rd7 55. Kg8 1-0

[Event "LLO18/19"]
[Site "Mecklenburg-Vorpommern"]
[Date "2019.03.10"]
[Round "7.6"]
[White "Ilanz, Kazimierz"]
[Black "Elsken Sicard, Fabian"]
[Result "1-0"]
[WhiteElo "1570"]
[BlackElo "1511"]
[PlyCount "93"]
[EventDate "2018.??.??"]
[EventType "team-tourn"]
[EventRounds "9"]
[EventCountry "GER"]
[WhiteTeam "Seehotel Binz"]
[BlackTeam "Makkabi Rostock"]
[WhiteTeamCountry "GER"]
[BlackTeamCountry "GER"]

1. e4 d6 2. d4 Nf6 3. Nc3 g6 4. Bc4 Bg7 5. Nf3 c6 6. e5 dxe5 7. Nxe5 O-O 8. O-O
Nbd7 9. Bf4 Nh5 10. Nxd7 Qxd7 11. Be5 b5 12. Bxg7 Kxg7 13. Be2 Nf6 14. Bf3 Bb7
15. Qe2 e6 16. Rfd1 a6 17. Qe5 Qe7 18. Ne4 Rfd8 19. c3 c5 20. Nxf6 Qxf6 21.
Qxf6+ Kxf6 22. Bxb7 Ra7 23. Bf3 cxd4 24. cxd4 Rad7 25. Kf1 Rxd4 26. Rxd4 Rxd4
27. Ke2 Rb4 28. b3 Rd4 29. Rd1 Ke5 30. Ke3 Rxd1 31. Bxd1 b4 32. g4 g5 33. h3 f5
34. Be2 f4+ 35. Kd3 Kd5 36. Bf3+ Kc5 37. Ke4 a5 38. Ke5 h6 39. Be4 Kb5 40. Kxe6
a4 41. bxa4+ Kxa4 42. Kf6 Kb5 43. Kg6 Kc4 44. f3 Kd4 45. Kxh6 Kc3 46. Kxg5 Kb2
47. Bd5 1-0

[Event "LLO18/19"]
[Site "Mecklenburg-Vorpommern"]
[Date "2019.03.10"]
[Round "7.7"]
[White "Tovmasyan, Minas"]
[Black "Breitenfeldt, Ulrich"]
[Result "1/2-1/2"]
[WhiteElo "1518"]
[BlackElo "1422"]
[PlyCount "82"]
[EventDate "2018.??.??"]
[EventType "team-tourn"]
[EventRounds "9"]
[EventCountry "GER"]
[WhiteTeam "Makkabi Rostock"]
[BlackTeam "Seehotel Binz"]
[WhiteTeamCountry "GER"]
[BlackTeamCountry "GER"]

1. d4 Nf6 2. c4 e6 3. Nf3 b6 4. g3 Bb7 5. Bg2 c5 6. dxc5 Bxc5 7. O-O O-O 8. a3
Be7 9. Nc3 a6 10. Qb3 d6 11. Be3 Nbd7 12. Na4 Bxf3 13. Bxf3 Rb8 14. Rac1 b5 15.
cxb5 Rxb5 16. Qc2 Ne5 17. Bg2 h6 18. h3 Qb8 19. Rfd1 Ng6 20. b4 d5 21. Nc5 Rc8
22. Qa4 Bxc5 23. Bxc5 Rc6 24. e3 Qc8 25. Bf1 Rb8 26. Rc2 Ra8 27. Rdc1 Ne4 28.
Bd4 Rxc2 29. Rxc2 Qb7 30. Rc6 Nd2 31. Rxa6 Rxa6 32. Qxa6 Qc7 33. Bc5 Ne4 34.
Bg2 Nxc5 35. bxc5 Qxc5 36. Qa8+ Kh7 37. a4 Ne5 38. Qa6 d4 39. Be4+ g6 40. Qb5
Qd6 41. exd4 Qxd4 1/2-1/2

[Event "LLO18/19"]
[Site "Mecklenburg-Vorpommern"]
[Date "2019.03.10"]
[Round "7.8"]
[White "Schleef, Roberto"]
[Black "Roeste, Hugo"]
[Result "0-1"]
[WhiteElo "1559"]
[BlackElo "1439"]
[PlyCount "126"]
[EventDate "2018.??.??"]
[EventType "team-tourn"]
[EventRounds "9"]
[EventCountry "GER"]
[WhiteTeam "Seehotel Binz"]
[BlackTeam "Makkabi Rostock"]
[WhiteTeamCountry "GER"]
[BlackTeamCountry "GER"]

1. e4 c5 2. Nf3 a6 3. a3 e6 4. d4 cxd4 5. Nxd4 Qc7 6. Nc3 Nf6 7. Bg5 Be7 8. Bd3
Nc6 9. Nf3 b5 10. O-O Bb7 11. Re1 d6 12. h3 O-O 13. Bf4 Nd7 14. Ng5 h6 15. Nf3
Rfd8 16. Qd2 Nc5 17. Bxh6 Nxd3 18. cxd3 gxh6 19. Qxh6 Rdc8 20. Re3 Qd8 21. h4
Qf8 22. Qh5 Qg7 23. Nh2 Kf8 24. Rg3 Qf6 25. Rf3 Qg7 26. Ng4 Ke8 27. Ne2 Qg6 28.
Qxg6 fxg6 29. Nf4 Kd7 30. Nxg6 Rg8 31. h5 Rg7 32. Nf6+ Bxf6 33. Rxf6 Rag8 34.
f3 e5 35. g4 Ne7 36. Nh4 Rh8 37. Kf2 Rgg8 38. Rd1 Rf8 39. Rxf8 Rxf8 40. d4 Ke6
41. Ke3 Rg8 42. d5+ Kf6 43. Rc1 Rc8 44. Rc3 Kg5 45. Ng2 Rxc3+ 46. bxc3 a5 47.
Ne1 Nc8 48. Nd3 Nb6 49. f4+ exf4+ 50. Nxf4 Nc4+ 51. Kf3 Ne5+ 52. Kg3 Bc8 53.
Ne6+ Bxe6 54. dxe6 Nxg4 55. e7 Nf6 56. h6 Kxh6 57. Kf4 Kg6 58. e5 dxe5+ 59.
Kxe5 Kf7 60. e8=Q+ Nxe8 61. Kd5 Ke7 62. Kc5 Nd6 63. c4 bxc4 0-1

[Event "LLO18/19"]
[Site "Mecklenburg-Vorpommern"]
[Date "2019.03.10"]
[Round "7.1"]
[White "Hoerhold, Martin"]
[Black "Rickmann, Niklas"]
[Result "1-0"]
[WhiteElo "1798"]
[BlackElo "1688"]
[PlyCount "43"]
[EventDate "2018.??.??"]
[EventType "team-tourn"]
[EventRounds "9"]
[EventCountry "GER"]
[WhiteTeam "SG Neubrandenburg II"]
[BlackTeam "FHSG Stralsund II"]
[WhiteTeamCountry "GER"]
[BlackTeamCountry "GER"]

1. d4 g6 2. c4 Bg7 3. Nc3 d6 4. g3 Nf6 5. Bg2 O-O 6. Nf3 c6 7. O-O Nbd7 8. e4
e5 9. h3 Nh5 10. Re1 a6 11. Be3 b5 12. Qd2 Nb6 13. b3 Qc7 14. cxb5 cxb5 15.
Rac1 Qb7 16. dxe5 dxe5 17. Qd6 Rb8 18. Nxe5 Be6 19. Nc6 Rbc8 20. Ne7+ Kh8 21.
e5 Bxe5 22. Qxe5+ 1-0

[Event "LLO18/19"]
[Site "Mecklenburg-Vorpommern"]
[Date "2019.03.10"]
[Round "7.2"]
[White "Sparr, Andreas"]
[Black "Leisner, Ekkehardt"]
[Result "0-1"]
[WhiteElo "1604"]
[BlackElo "1787"]
[PlyCount "82"]
[EventDate "2018.??.??"]
[EventType "team-tourn"]
[EventRounds "9"]
[EventCountry "GER"]
[WhiteTeam "FHSG Stralsund II"]
[BlackTeam "SG Neubrandenburg II"]
[WhiteTeamCountry "GER"]
[BlackTeamCountry "GER"]

1. e4 c5 2. Nf3 e6 3. Be2 a6 4. O-O Nc6 5. d3 Qc7 6. a3 Nf6 7. h3 Be7 8. Be3
O-O 9. Qc1 d5 10. exd5 exd5 11. Bf4 Bd6 12. Bxd6 Qxd6 13. Re1 Re8 14. Nbd2 Bd7
15. c3 Rac8 16. Qc2 h6 17. Bf1 Bf5 18. Rxe8+ Rxe8 19. Re1 Rc8 20. Qd1 b5 21.
Nb3 Nd7 22. d4 c4 23. Nc1 a5 24. Na2 b4 25. axb4 axb4 26. Qa4 b3 27. Nc1 Rb8
28. Ne2 Nb6 29. Qb5 Bd7 30. Qa6 Qc7 31. Qa1 Bf5 32. Qd1 Na4 33. Qc1 Ra8 34. Ng3
Bh7 35. Ne5 Nxb2 36. Re2 Nd3 37. Nxd3 Bxd3 38. Rb2 Bc2 39. Be2 Qa5 40. Bf3 Qxc3
41. Bd1 Qe1+ 0-1

[Event "LLO18/19"]
[Site "Mecklenburg-Vorpommern"]
[Date "2019.03.10"]
[Round "7.3"]
[White "Dupke, Andreas"]
[Black "Vietinghoff, Klaus"]
[Result "1-0"]
[WhiteElo "1748"]
[BlackElo "1694"]
[PlyCount "69"]
[EventDate "2018.??.??"]
[EventType "team-tourn"]
[EventRounds "9"]
[EventCountry "GER"]
[WhiteTeam "SG Neubrandenburg II"]
[BlackTeam "FHSG Stralsund II"]
[WhiteTeamCountry "GER"]
[BlackTeamCountry "GER"]

1. e4 d6 2. d4 Nf6 3. Nc3 g6 4. f4 Bg7 5. Nf3 O-O 6. e5 dxe5 7. fxe5 Nd5 8. Ne4
f5 9. Nf2 Qe8 10. c3 c6 11. Bc4 e6 12. O-O b5 13. Bb3 a5 14. a4 Ba6 15. Re1 Bb7
16. Qe2 h6 17. Bxd5 cxd5 18. Qxb5 Bc6 19. Qd3 Nd7 20. b3 Nb6 21. Ba3 Rf7 22. h4
Qd8 23. Bc5 Bf8 24. Nh3 Bxc5 25. dxc5 Nd7 26. Qe3 Kg7 27. Nf4 Nf8 28. Nd4 Qe8
29. Qg3 Re7 30. Nh5+ Kh8 31. Nf6 Qc8 32. Qf4 Kg7 33. Ng4 h5 34. Qg5 Kf7 35. Nf6
1-0

[Event "LLO18/19"]
[Site "Mecklenburg-Vorpommern"]
[Date "2019.03.10"]
[Round "7.4"]
[White "Manke, Karsten"]
[Black "Winkler, Karl"]
[Result "1/2-1/2"]
[WhiteElo "1719"]
[BlackElo "1759"]
[PlyCount "29"]
[EventDate "2018.??.??"]
[EventType "team-tourn"]
[EventRounds "9"]
[EventCountry "GER"]
[WhiteTeam "FHSG Stralsund II"]
[BlackTeam "SG Neubrandenburg II"]
[WhiteTeamCountry "GER"]
[BlackTeamCountry "GER"]

1. e4 Nf6 2. Nc3 d6 3. d4 g6 4. Bc4 Bg7 5. Nge2 c6 6. a4 O-O 7. h3 d5 8. Bd3
dxe4 9. Nxe4 Nxe4 10. Bxe4 Be6 11. Be3 Bd5 12. Qd3 Bxe4 13. Qxe4 Qd5 14. Qxd5
cxd5 15. Nf4 1/2-1/2

[Event "LLO18/19"]
[Site "Mecklenburg-Vorpommern"]
[Date "2019.03.10"]
[Round "7.6"]
[White "Vlach, Michael"]
[Black "Mietz, Wolfgang"]
[Result "1/2-1/2"]
[WhiteElo "1595"]
[BlackElo "1714"]
[PlyCount "59"]
[EventDate "2018.??.??"]
[EventType "team-tourn"]
[EventRounds "9"]
[EventCountry "GER"]
[WhiteTeam "FHSG Stralsund II"]
[BlackTeam "SG Neubrandenburg II"]
[WhiteTeamCountry "GER"]
[BlackTeamCountry "GER"]

1. Nf3 Nf6 2. c4 g6 3. Nc3 Bg7 4. d4 O-O 5. Bg5 d6 6. e3 Re8 7. Be2 c5 8. dxc5
dxc5 9. Qxd8 Rxd8 10. O-O Nc6 11. Rad1 Bf5 12. Rxd8+ Rxd8 13. Rd1 Rxd1+ 14.
Bxd1 Bd3 15. b3 e6 16. Ne1 Ne4 17. Nxe4 Bxe4 18. Bc2 Bxc2 19. Nxc2 f5 20. f4
Kf7 21. Kf2 Bf8 22. Kf3 a5 23. Bh4 a4 24. Be1 axb3 25. axb3 h6 26. h4 Be7 27.
g3 Bf6 28. Ke2 e5 29. Kf3 exf4 30. exf4 1/2-1/2

[Event "LLO18/19"]
[Site "Mecklenburg-Vorpommern"]
[Date "2019.03.10"]
[Round "7.7"]
[White "Peters, Hans Joachim"]
[Black "Klinger, Clemens"]
[Result "1-0"]
[WhiteElo "1592"]
[BlackElo "1583"]
[PlyCount "97"]
[EventDate "2018.??.??"]
[EventType "team-tourn"]
[EventRounds "9"]
[EventCountry "GER"]
[WhiteTeam "SG Neubrandenburg II"]
[BlackTeam "FHSG Stralsund II"]
[WhiteTeamCountry "GER"]
[BlackTeamCountry "GER"]

1. e4 c5 2. Nc3 Nc6 3. g3 g6 4. Bg2 Bg7 5. d3 d6 6. Be3 Nf6 7. h3 O-O 8. Qd2
Rb8 9. Nge2 Bd7 10. Bh6 b5 11. Bxg7 Kxg7 12. a3 Qc7 13. O-O e5 14. f4 Nd4 15.
Rf2 Qd8 16. Raf1 b4 17. axb4 cxb4 18. Nd1 Nxe2+ 19. Qxe2 Nh5 20. Kh2 exf4 21.
gxf4 Qh4 22. Rf3 Kg8 23. Ne3 Rbe8 24. Qf2 Qd8 25. f5 g5 26. Nd5 f6 27. Qxa7 Kh8
28. Qd4 Rf7 29. Qxb4 Bc8 30. Qd4 Rg7 31. Ne3 Nf4 32. Nd5 Nxd5 33. Qxd5 Bb7 34.
Qd4 d5 35. exd5 Bxd5 36. Rg3 Bxg2 37. Qxd8 Rxd8 38. Rxg2 Re7 39. Rff2 Rde8 40.
d4 Re4 41. c3 h5 42. Rd2 Kg7 43. c4 Rd8 44. b4 Rexd4 45. Rxd4 Rxd4 46. Rc2 Rf4
47. b5 Rxf5 48. c5 Kf7 49. b6 1-0

[Event "LLO18/19"]
[Site "Mecklenburg-Vorpommern"]
[Date "2019.03.10"]
[Round "7.8"]
[White "Leddin, Mathias"]
[Black "Krueger, Louis"]
[Result "1-0"]
[WhiteElo "1476"]
[BlackElo "1403"]
[PlyCount "45"]
[EventDate "2018.??.??"]
[EventType "team-tourn"]
[EventRounds "9"]
[EventCountry "GER"]
[WhiteTeam "FHSG Stralsund II"]
[BlackTeam "SG Neubrandenburg II"]
[WhiteTeamCountry "GER"]
[BlackTeamCountry "GER"]

1. e4 d6 2. d4 g6 3. Nf3 Bg7 4. Be2 Nf6 5. Nbd2 O-O 6. O-O c5 7. c3 Nbd7 8. Re1
Qc7 9. Bd3 Nb6 10. h3 Rd8 11. Nf1 c4 12. Bc2 a6 13. Bf4 Nbd7 14. Qd2 e5 15. Bh6
b5 16. Ng3 Nf8 17. Rad1 Ne6 18. d5 Nc5 19. Qg5 Qe7 20. Bxg7 Kxg7 21. Nh5+ Kf8
22. Nxf6 Nd7 23. Qh6# 1-0